Detalles MARC
| 000 -LEADER |
| fixed length control field |
01320nam a2200325 i 4500 |
| 001 - CONTROL NUMBER |
| control field |
69486 |
| 003 - CONTROL NUMBER IDENTIFIER |
| control field |
Mx-PuUPA |
| 005 - DATE AND TIME OF LATEST TRANSACTION |
| control field |
20220525084151.0 |
| 008 - FIXED-LENGTH DATA ELEMENTS--GENERAL INFORMATION |
| fixed length control field |
220521s2016 sp a|||fr|||| 00| 0 spa d |
| 017 ## - COPYRIGHT OR LEGAL DEPOSIT NUMBER |
| Copyright or legal deposit number |
SE 2113-2016 |
| 020 ## - INTERNATIONAL STANDARD BOOK NUMBER |
| International Standard Book Number |
9788447218905 |
| 040 ## - CATALOGING SOURCE |
| Original cataloging agency |
Mx-PuUPA |
| Language of cataloging |
spa |
| Transcribing agency |
Mx-PuUPA |
| Modifying agency |
Mx-PuUPA |
| Description conventions |
rda |
| 041 0# - LANGUAGE CODE |
| Language code of text/sound track or separate title |
spa |
| 100 1# - MAIN ENTRY--PERSONAL NAME |
| Personal name |
Cova, Miguel Ángel de la, |
| Dates associated with a name |
1967- |
| Relator term |
autor |
| 9 (RLIN) |
12625 |
| 245 10 - TITLE STATEMENT |
| Title |
Maquetas de Le Corbusier : |
| Remainder of title |
técnicas, objetos y sujetos / |
| Statement of responsibility, etc. |
Miguel Ángel de la Cova Morillo-Velarde |
| 264 ## - PRODUCTION, PUBLICATION, DISTRIBUTION, MANUFACTURE, AND COPYRIGHT NOTICE |
| Place of production, publication, distribution, manufacture |
Sevilla : |
| Name of producer, publisher, distributor, manufacturer |
Editorial Universidad de Sevilla, |
| Date of production, publication, distribution, manufacture, or copyright notice |
2016 |
| 264 ## - PRODUCTION, PUBLICATION, DISTRIBUTION, MANUFACTURE, AND COPYRIGHT NOTICE |
| Place of production, publication, distribution, manufacture |
[España] : |
| Name of producer, publisher, distributor, manufacturer |
Instituto Universitario de Arquitectura y Ciencias de la Construcción, |
| Date of production, publication, distribution, manufacture, or copyright notice |
2016 |
| 300 ## - PHYSICAL DESCRIPTION |
| Extent |
201 páginas : |
| Other physical details |
ilustraciones (algunas a color) ; |
| Dimensions |
21 cm |
| 336 ## - CONTENT TYPE |
| Fuente |
rdacontent |
| Content type term |
texto |
| Content type code |
txt |
| 337 ## - MEDIA TYPE |
| Source |
rdamedia |
| Media type term |
sin medio |
| Media type code |
n |
| 338 ## - CARRIER TYPE |
| Source |
rdacarrier |
| Carrier type term |
volumen |
| Carrier type code |
nc |
| 490 0# - SERIES STATEMENT |
| Series statement |
Colección Textos de doctorado ; Serie Arquitectura ; |
| Volume/sequential designation |
51 |
| 600 14 - SUBJECT ADDED ENTRY--PERSONAL NAME |
| Personal name |
Le Corbusier, |
| Chronological subdivision |
1887-1965 |
| General subdivision |
Crítica e interpretación |
| 650 #7 - SUBJECT ADDED ENTRY--TOPICAL TERM |
| Source of heading or term |
armarc |
| Topical term or geographic name entry element |
Maquetas (Arquitectura) |
| General subdivision |
Historia |
| Chronological subdivision |
Siglo XX |
| 650 #7 - SUBJECT ADDED ENTRY--TOPICAL TERM |
| Source of heading or term |
armarc |
| Topical term or geographic name entry element |
Maquetas (Arquitectura) |
| 942 ## - ADDED ENTRY ELEMENTS (KOHA) |
| Source of classification or shelving scheme |
Dewey Decimal Classification |
| Koha item type |
Libro |
| Classification part |
720.22 |
| Item part |
M2978 |